Statistics for Fifa 22 Top 50 South American Players

Click here to take the quiz!

General Stats

  • This quiz has been taken 170 times
  • The average score is 33 of 50

Answer Stats

RatingClubNationPlayer% Correct
93PSGArgentinaLionel Messi
100%
91PSGBrazilNeymar
98%
89LiverpoolBrazilAlisson
93%
88Atletico MadridUruguayLuis Suarez
92%
89Manchester CityBrazilEderson
90%
87PSGArgentinaAngel Di Maria
88%
87Piemonte CalcioArgentinaPaulo Dybala
88%
89Real MadridBrazilCasemiro
87%
86LiverpoolBrazilFabinho
87%
85Inter MilanArgentinaLautaro Martinez
86%
85Manchester UnitedUruguayEdinson Cavani
85%
84Aston VillaArgentinaEmiliano Martinez
85%
87PSGBrazilMarquinhos
85%
85LiverpoolBrazilRoberto Firmino
82%
87FC BarcelonaArgentinaSergio Aguero
79%
85ChelseaBrazilThiago Silva
79%
82EvertonBrazilRicharlison
76%
84Atletico MadridUruguayJose Maria Gimenez
74%
83Piemonte CalcioColombiaJuan Cuadrado
72%
83Manchester CityBrazilGabriel Jesus
71%
83Real MadridUruguayFederico Valverde
69%
83Manchester CityBrazilFernandinho
67%
83Piemonte CalcioBrazilAlex Sandro
66%
82Atletico MadridArgentinaRodrigo De Paul
63%
83Bergamo CalcioColombiaDuvan Zapata
62%
82Leeds UnitedBrazilRaphinha
59%
81Inter Miami CFArgentinaGonzalo Higuain
58%
82Tottenham HotspurArgentinaCristian Romero
57%
82Real MadridBrazilEder Militao
57%
83PSGArgentinaMauro Icardi
57%
83EvertonBrazilAllan
56%
83Atletico MadridArgentinaAngel Correa
56%
84Sevilla FCArgentinaMarcos Acuna
55%
84Sevilla FCBrazilFernando
53%
81Tottenham HotspurBrazilLucas Moura
53%
82Bergamo CalcioColombiaLuis Muriel
53%
82Shanghai SIPGBrazilOscar
53%
84Atletico MadridBrazilFelipe
50%
83Sevilla FCArgentinaLucas Ocampos
50%
82AjaxArgentinaNicolas Tagliafico
48%
82FC BarcelonaBrazilPhilippe Coutinho
48%
82Manchester UnitedBrazilAlex Telles
47%
83Piemonte CalcioBrazilArthur
45%
82Al-NassrBrazilAnderson Talisca
43%
82Sevilla FCBrazilDiego Carlos
43%
83Al-AhliBrazilPaulinho
43%
83Sporting CPUruguaySebastian Coates
43%
82Al-ShababArgentinaEver Banega
41%
82Valencia CFBrazilGabriel Paulista
41%
82FC BarcelonaBrazilNorberto Neto
41%

Score Distribution

Percentile by Number Answered

Percent of People with Each Score

Your Score History

You have not taken this quiz